000 00581nam a22002297a 4500
003 UA-OsUOA
001 245
007 ta
008 20050525b un ||||| |||| 00| 0 ukr d
100 _aСтаднюк І.
090 _a821.161.1
_bС76
942 _cBK
040 _aUA-OsUOA
_bukr
_cUA-OsUOA
_dUA-OsUOA
245 _aМосква 41-й
_bРомани
300 _a302 с.
955 _a3
041 _aukr
080 _a821.161.1
260 _aК.
_bДніпро
_c1987
650 7 _a82 Література. Літературознавство
_2UDC
999 _c286409
_d286409